| Tag |
First Indicator |
Second Indicator |
Subfields |
| LEADER |
00000cam a2200000I 4500 |
| 001 |
in00000027688 |
| 005 |
20151007062708.0 |
| 008 |
730220s1932 nyu 000 1 eng d |
| 035 |
|
|
|a (OCoLC)ocm10789169
|
| 035 |
|
|
|9 AAD5579AM
|
| 040 |
|
|
|a CNO
|c CNO
|d IAY
|d TXA
|d UtOrBLW
|
| 049 |
|
|
|a TXAM
|
| 090 |
|
|
|a PR6007.E33
|b G7 1932
|
| 100 |
1 |
|
|a Delafield, E. M.,
|d 1890-1943.
|
| 245 |
1 |
2 |
|a A good man's love /
|c by E. M. Delafield [pseudonym].
|
| 264 |
|
1 |
|a New York :
|b Book League of America,
|c 1932.
|
| 300 |
|
|
|a 315 pages ;
|c 22 cm.
|
| 336 |
|
|
|a text
|b txt
|2 rdacontent
|
| 337 |
|
|
|a unmediated
|b n
|2 rdamedia
|
| 338 |
|
|
|a volume
|b nc
|2 rdacarrier
|
| 994 |
|
|
|a E0
|b TXA
|
| 949 |
|
|
|a updated
|b h
|c 2003/8/6
|e lmiller
|f 11:39:36 am (Replaced incorrect record with correct one)
|
| 999 |
|
|
|a MARS
|
| 999 |
f |
f |
|s 5ac4ace9-b922-3171-af89-f80306afe545
|i 255815f8-6479-3f60-8f00-5832f7194e6c
|t 0
|
| 952 |
f |
f |
|p ric
|a Texas A&M University
|b Rellis Campus
|c Joint Library Facility
|d Remote Storage
|t 0
|e PR6007.E33 G7 1932
|h Library of Congress classification
|i unmediated -- volume
|m A14801316231
|
| 998 |
f |
f |
|a PR6007.E33 G7 1932
|t 0
|l Remote Storage
|